| 000 | 00481nam a2200193Ia 4500 | ||
|---|---|---|---|
| 003 | IIN | ||
| 005 | 20240201130545.0 | ||
| 008 | 231217s9999 xx 000 0 und d | ||
| 020 |
_cRs.595.00 _a9789354654930 |
||
| 040 |
_aIIN _bEnglish |
||
| 082 |
_a150.2461073 _bSRE |
||
| 100 | 1 | _aSreevani, R. | |
| 245 | 2 |
_aApplied Psychology for Nurses _cR. Sreevani |
|
| 250 | _a4th ed | ||
| 260 |
_bJaypee _aNew Delhi _c2022 |
||
| 300 | _axxii,261p. | ||
| 650 | 1 | _aPsychology | |
| 942 | _cBOOK | ||
| 999 |
_c1356 _d1356 |
||